01320nam a22003377a 4500003000500000005001700005008004100022010000900063011001000072035000900082040000900091082001800100100003600118245011400154260010300268300001100371590004100382590004100423590004100464590004200505650003300547650004200580650004600622650002400668650003000692901000700722942001000729949008200739999001500821952014600836CHAP20220329133656.0971013s1992 r 00010 d a9369 a10341 a9578 cCHAP a309.17246bS500aSierra, María Teresa.9105874 aDiscurso cultura y poderb: el ejercicio de la autoridad en los pueblos hñahñús del Valle del Mezquital aMéxico, D. F. :bCentro de Investigaciones y Estudios Superiores en Antropología Social,c1992 a279 p. aBATCH-UPDb10c20130110lUCH01h1340 aBATCH-UPDb10c20130410lUCH01h0841 aBATCH-UPDb10c20130914lUCH01h0826 aCONVERSIONb10c20130109lUCH01h130614aCampesinadozHidalgo.91805214aHidalgoxCondiciones sociales.95517114aHidalgoxVida social y costumbres.95517814aHñahñus.95607014aIndios de Hidalgo.957615 aBK cLIBRO a309.17246 S5bBCcLIBROd33724000295945eLIBROgI. c/eh85956i9578sit22.80 c9369d9369 00102ddc4052708GRALaBCbBCcPA_GRALd2019-12-31eI. c/efLIBROl0o309.17246 S5p33724000295945r2019-12-31 00:00:00w2019-12-31yLIBRO